00479 2200193 4500001002100000005001500021008004100036020002500077035001900102041000700121082001100128090001700139100001300156245002800169260003200197300002900229500001100258650001600269INLIS00000000000142120241224112339241224||||||||| | ||| |||| || |  aISBN 978-979-518-707 0010-1224001421 aid0 a371. 2 a371. 2 DAR a0 adaryanto00aAdministrasi Pendidikan aJakartabRineka Ciptac2014 aviii, 210 hlm.; 20, 5 cm aCet. 8 0aIlmu Sosial